Statistics for 10 Highest All-Time Playoff Rebound Leaders who have Passed Away

Click here to take the quiz!

General Stats

  • This quiz has been taken 3 times
  • The average score is 4 of 10

Answer Stats

ReboundsPlayer% Correct
4104Bill Russell
100%
3913Wilt Chamberlain
100%
1724Elgin Baylor
50%
1186John Havlicek
50%
1295Moses Malone
50%
1305Bill Bridges
0%
1155Dave DeBusschere
0%
1119Kobe Bryant
0%
1527Paul Silas
0%
1777Wes Unseld
0%

Score Distribution

Percentile by Number Answered

Percent of People with Each Score

Your Score History

You have not taken this quiz